| 000 | 00653nam a2200205 a 4500 | ||
|---|---|---|---|
| 005 | 20240612064043.0 | ||
| 008 | 991125s1957 mx 000 0 spa u | ||
| 035 | _aUPN01000009971 | ||
| 049 | _aCE | ||
| 050 | 4 |
_aBJ1983 _bC3.4b 1957 |
|
| 100 | 1 |
_aCarreño, Manuel Antonio, _d1812-1874 _937481 |
|
| 245 | 1 | 0 |
_aCompendio del manual de urbanidad y buenas maneras / _cpor Manuel Antonio Carreño. |
| 260 |
_aMéxico : _bHerrero, _c1957. |
||
| 300 | _a145 p. | ||
| 500 | _a"Arreglado por él mismo para uso de las escuelas de ambos sexos" | ||
| 650 | 4 |
_aConducta de vida _94416 |
|
| 650 | 4 |
_aCortesía _911263 |
|
| 650 | 4 |
_aEtiqueta _914056 |
|
| 905 | _aLibro | ||
| 999 |
_c9971 _d9971 |
||